000 00688nam a2200241 i 4500
001 C2-0288944
003 PPAK
005 20180728021859.0
008 080705s1991 my a|||| ||||| | may d
040 _aPPAK
_beng
_cPPAK
_erda
082 0 4 _a306
_223
090 0 0 _a306
_bANU
_dKK
090 0 0 _a306
_bANU
_dKSS
245 0 0 _aAnugerah tokoh budaya Negeri Kedah Darulaman 1991
264 1 _aAlor Setar, Kedah :
_bPerbadanan Perpustakaan Awam Kedah ,
_c1991
300 _a22 pages :
_billustrations ;
_c23 cm
336 _2rdacontent
_atext
337 _2rdamedia
_aunmediated
338 _2rdacarrier
_avolume
500 _a[Cenderamata]
650 1 0 _aCulture - Awards
942 _ddc
_cB
999 _c94456
_d94456